Perspectives on regulatory policies in liner shipping and implications for the UN liner code / (Record no. 10792)

000 -LEADER
fixed length control field 00590nam a2200169Ia 4500
008 - FIXED-LENGTH DATA ELEMENTS--GENERAL INFORMATION
fixed length control field 210107s9999 xx 000 0 und d
022 ## - INTERNATIONAL STANDARD SERIAL NUMBER
International Standard Serial Number 0724-1232
100 ## - MAIN ENTRY--PERSONAL NAME
Personal name Kalindaga, Y. C.
9 (RLIN) 4665
245 #0 - TITLE STATEMENT
Title Perspectives on regulatory policies in liner shipping and implications for the UN liner code /
260 ## - PUBLICATION, DISTRIBUTION, ETC. (IMPRINT)
Place of publication, distribution, etc Bremen
Name of publisher, distributor, etc Institute of Shipping Economics and Logistics (ISL)
Date of publication, distribution, etc 1994
300 ## - PHYSICAL DESCRIPTION
Extent 65p.
650 #0 - SUBJECT ADDED ENTRY--TOPICAL TERM
Topical term or geographic name as entry element Shipping Management
700 ## - ADDED ENTRY--PERSONAL NAME
9 (RLIN) 4667
Personal name Kalindaga, Y. C.
9 (RLIN) 4668
Personal name Zachcial, M. (Ed.)
9 (RLIN) 4669
Personal name Heideloff, C. (Ed.)
942 ## - ADDED ENTRY ELEMENTS (KOHA)
Item type Books
Source of classification or shelving scheme
Holdings
Withdrawn status Lost status Source of classification or shelving scheme Damaged status Not for loan Permanent location Current location Date acquired Full call number Barcode Date last seen Koha item type
          IMU Kolkata IMU Kolkata 2021-01-07 387.51 K1249 PM06488 2021-01-07 Books
Designed and Maintained by IMU-KC Library, Kolkata Campus © Copyright All Rights Reserved

webs counters

Powered by Koha